000
00339nam a2200133Ia 4500
008
240624s9999 xx 000 0 und d
041
_a
eng
082
_a
658.3 HRO
100
_a
HROMAS ROBERT
245
_a
EINSTEIN S BOSS 10 RULES FOR LEADING GEN
260
_c
2018
_a
New York
_b
Amacom
300
_a
xvii, 222 p.; 23 cm.
365
_c
_b
33
999
_c
32195
_d
32195